000
00215nam a22000857a 4500
008
170622b xxu||||| |||| 00| 0 eng d
100
_9
3627
_a
Pearson
245
_a
Oracle PL/SQL by example
260
_a
New delhi
_b
D. K
_c
2010
999
_c
7018
_d
7018